World Goat Population - Statistics

General Stats
  • This quiz has been taken 1,264 times
  • The average score is 16 of 30
Answer Stats
Rank Country GOATS! % Correct
1. China 148,412,000
94%
2. India 123,358,000
92%
3. Pakistan 52,763,000
80%
7. Iran 25,679,000
74%
15. Brazil 9,581,650
68%
13. Niger 10,390,411
63%
23. Turkey 6,780,000
63%
20. Afghanistan 7,425,000
61%
16. Mexico 8,991,752
60%
4. Nigeria 47,551,700
60%
11. Ethiopia 12,000,000
59%
5. Sudan 42,030,000
59%
24. South Africa 6,358,000
57%
6. Bangladesh 39,600,000
56%
9. Indonesia 12,722,100
55%
12. Kenya 11,945,500
55%
17. Mongolia 8,858,000
53%
28. Chad 5,588,310
51%
8. Somalia 13,000,000
51%
29. Morocco 5,208,300
50%
18. Mali 7,902,845
48%
10. Tanzania 12,556,240
48%
27. Mauritania 5,600,000
37%
22. Nepal 6,791,861
37%
26. Greece 5,669,200
33%
30. Mozambique 4,752,735
33%
21. Uganda 7,092,000
33%
19. Yemen 7,707,000
29%
25. Philippines 6,200,000
23%
14. Burkina Faso 10,035,687
20%
No matching quizzes found
Score Distribution
Percent of People with Each Score
Percentile by Number Answered
Your Score History
You have not taken this quiz